Transport Canada publications catalogue = Transports Canada catalogue des publications /

Bibliographic Details
Previous Title:Transport Canada publications catalogue and selected ongoing research and development projects
Corporate Author: Canada. Transport Canada. Library and Information Centre
Format: Serial
Language:English
French
Language Notes:Text in English and French.
Published: [Ottawa, Ont.] : [Transport Canada Library and Information Centre], 1981-
Subjects:

MARC

Tag First Indicator Second Indicator Subfields
LEADER 00000cas a2200000 a 4500
001 in00000097136
005 20150924085031.0
008 820111 onc bc f0 u eng d
035 |a (OCoLC)08056550 
035 |9 AAK9011AM 
040 |a CBT  |c CBT  |d TXA  |d UtOrBLW 
041 0 |a eng  |a fre 
043 |a n-cn--- 
049 |a TXAT 
090 |a TA1026  |b  C3 
245 0 0 |a Transport Canada publications catalogue =  |b Transports Canada catalogue des publications /  |c compiled by the Library and Information Centre. 
246 3 1 |a Transports Canada catalogue des publications  
264 1 |a [Ottawa, Ont.] :  |b [Transport Canada Library and Information Centre],  |c 1981- 
300 |a volumes ;  |c 28 cm. 
336 |a text  |b txt  |2 rdacontent 
337 |a unmediated  |b n  |2 rdamedia 
338 |a volume  |b nc  |2 rdacarrier 
362 0 |a No. 1 (1981)- 
546 |a Text in English and French. 
650 0 |a Transportation  |z Canada  |x Bibliography  |x Catalogs. 
610 1 0 |a Canada.  |b Transport Canada  |x Bibliography  |x Catalogs. 
710 1 |a Canada.  |b Transport Canada.  |b Library and Information Centre. 
780 0 0 |t Transport Canada publications catalogue and selected ongoing research and development projects  |x 0702-0473  |w (OCoLC) 5531318. 
999 |a MARS 
999 f f |s a20e4c44-48d5-3829-bc1e-8909328018cf  |i 9ff8a091-1e14-3fc1-b74d-f0fae5b9d17c  |t 0 
952 f f |p ric  |a Texas A&M University  |b Rellis Campus  |c Joint Library Facility  |d Remote Storage  |t 0  |e TA1026 .C3  |h Library of Congress classification  |i unmediated -- volume  |k no.9  |l 1986:April  |m A14839018053 
952 f f |p ric  |a Texas A&M University  |b Rellis Campus  |c Joint Library Facility  |d Remote Storage  |t 0  |e TA1026 .C3  |h Library of Congress classification  |i unmediated -- volume  |k no.2  |l 1981:Dec.  |m A14839017992 
952 f f |p ric  |a Texas A&M University  |b Rellis Campus  |c Joint Library Facility  |d Remote Storage  |t 0  |e TA1026 .C3  |h Library of Congress classification  |i unmediated -- volume  |k no.7  |l 1984:Dec.  |m A14839018037 
952 f f |p ric  |a Texas A&M University  |b Rellis Campus  |c Joint Library Facility  |d Remote Storage  |t 0  |e TA1026 .C3  |h Library of Congress classification  |i unmediated -- volume  |k no.4  |l 1983:June  |m A14839018003 
952 f f |p ric  |a Texas A&M University  |b Rellis Campus  |c Joint Library Facility  |d Remote Storage  |t 0  |e TA1026 .C3  |h Library of Congress classification  |i unmediated -- volume  |k no.6  |l 1984:June  |m A14839018029 
952 f f |p ric  |a Texas A&M University  |b Rellis Campus  |c Joint Library Facility  |d Remote Storage  |t 0  |e TA1026 .C3  |h Library of Congress classification  |i unmediated -- volume  |k no.5  |l 1983:Dec.  |m A14839018011 
952 f f |p ric  |a Texas A&M University  |b Rellis Campus  |c Joint Library Facility  |d Remote Storage  |t 0  |e TA1026 .C3  |h Library of Congress classification  |i unmediated -- volume  |k no.8  |l 1985:June  |m A14839018045 
998 f f |a TA1026 .C3  |s no.2,no.4-no.9  |t 0  |l Remote Storage